Statystyki dla Polscy Minecraftowi Youtuberzy

Kliknij tutaj aby rozwiązać quiz!

Ogólne statystyki

  • Ten quiz został rozwiązany 2 496 razy
  • Średni wynik to 6 z 15

Statystyki odpowiedzi

PodpowiedźTwoja Odpowiedź% Poprawnych
Większa połowa "Mniej Więcej"Mandzio
87%
Nagrywał pod pseudonimem iDeltiBOXDEL
61%
Działa też pod pseudonimem Dycha. Walczył na Fame MMA 3IsAmU
61%
W listopadzie wydał drugi solowy albumMULTI
57%
Obecnie robi challenge np. "Koło decyduje o moim dniu"Blowek
56%
Jego seria nazywała się "Minecraft na Modach"reZigiusz
52%
Minecraft nagrywał głównie z synemRemigiusz Maciaszek
32%
Nagrywa gry przede wszystkim indie, ale wybił się na FnafieEleven
31%
Obecnie nagrywa Fifę, a zaczynał od WWEPLKD
30%
Jeden z nielicznych milionowych youtuberów nagrywających tylko minecraftRoxMb
30%
Prowadzący i ostatni gość pierwszego sezony Lekko Nie BędzieTomasz "Gimper" Działowy
30%
Jako pierwszy nagrywał minecraftJJayJoker
29%
Minecraft nagrywał z panem powyżej.TheNitroZyniak
19%
Drugi kanał youtubera, który podaje się za zebręZeboGaming
14%
Najlepszy youtuber na świecie. Kruci Gang!Klocuch12
9%

Rozkład punktacji

Percentyl według liczby udzielonych odpowiedzi

Procent ludzi z każdym wynikiem

Twoja historia wyników

Nie rozwiązałeś tego quizu